000 00210 a2200109 4500
020 _a9789992474686
041 _aspa
100 _aAnonimo
245 _aEducacion inicial 2do nivel
942 _cBK
952 _71
999 _c21477
_d21477